[Event "FIDE World Rapid 2013"]
[Site "Khanty-Mansiysk RUS"]
[Date "2013.06.07"]
[Round "8.14"]
[White "Moiseenko, Alexander"]
[Black "Najer, Evgeniy"]
[Result "1-0"]
[WhiteTitle "GM"]
[BlackTitle "GM"]
[WhiteElo "2711"]
[BlackElo "2633"]
[WhiteFideId "14102560"]
[BlackFideId "4118987"]
[EventDate "2013.06.06"]

1. d4 d5 2. c4 c6 3. Nf3 Nf6 4. Nc3 dxc4 5. a4 Bf5 6. Nh4 e6 7. Nxf5 exf5 8. e3
Bb4 9. Bxc4 O-O 10. Qc2 g6 11. O-O Nbd7 12. f3 Rc8 13. Kh1 c5 14. Ba2 Kg7 15.
Qf2 Re8 16. Bd2 Nb6 17. dxc5 Bxc5 18. a5 Nbd7 19. Na4 Bd6 20. Rad1 Qe7 21. e4
fxe4 22. fxe4 Rc7 23. Bg5 h6 24. Bxf6+ Nxf6 25. Qxf6+ Qxf6 26. Rxf6 Kxf6 27.
Rxd6+ Kg7 28. Nc3 Rxe4 29. h3 Rb4 30. Rd2 a6 31. Kh2 Rf4 32. Bd5 h5 33. Bf3 Rf5
34. Nd5 Rd7 35. b4 h4 36. Kg1 Re5 37. Kf2 f5 38. Rd3 g5 39. Nf4 Rf7 40. Nh5+ Kh7
41. Rd6 Rb5 42. Nf6+ Kg7 43. Nd5 b6 44. Be2 1-0

[Event "FIDE World Rapid 2013"]
[Site "Khanty-Mansiysk RUS"]
[Date "2013.06.07"]
[Round "8.15"]
[White "Riazantsev, Alexander"]
[Black "Sargissian, Gabriel"]
[Result "1-0"]
[WhiteTitle "GM"]
[BlackTitle "GM"]
[WhiteElo "2708"]
[BlackElo "2671"]
[WhiteFideId "4125029"]
[BlackFideId "13300881"]
[EventDate "2013.06.06"]

1. d4 d5 2. c4 e6 3. Nc3 Be7 4. Nf3 Nf6 5. g3 O-O 6. Bg2 dxc4 7. Ne5 Nc6 8. Bxc6
bxc6 9. Nxc6 Qe8 10. Nxe7+ Qxe7 11. Qa4 e5 12. Qxc4 exd4 13. Qxd4 Bb7 14. O-O
Qe6 15. Bg5 Nd5 16. Nxd5 Bxd5 17. b3 c5 18. Qxc5 Rac8 19. Qd4 Ba8 20. Rfe1 h6
21. Bf4 Rfd8 22. Qxa7 g5 23. Be3 Qh3 24. f3 g4 25. Rf1 gxf3 26. Rf2 Rc2 27. Qe7
Rdc8 28. Rd1 Rxa2 29. Rd8+ Rxd8 30. Qxd8+ Kh7 31. Bd4 Qe6 32. Qh8+ Kg6 33. Qg7+
Kh5 34. g4+ 1-0

[Event "FIDE World Rapid 2013"]
[Site "Khanty-Mansiysk RUS"]
[Date "2013.06.07"]
[Round "8.16"]
[White "Zvjaginsev, Vadim"]
[Black "Kobalia, Mikhail"]
[Result "1-0"]
[WhiteTitle "GM"]
[BlackTitle "GM"]
[WhiteElo "2659"]
[BlackElo "2651"]
[WhiteFideId "4113403"]
[BlackFideId "4119150"]
[EventDate "2013.06.06"]

1. e4 c5 2. Nf3 e6 3. g3 Nc6 4. Bg2 d5 5. exd5 exd5 6. O-O Nf6 7. d4 Be7 8. dxc5
Bxc5 9. Nc3 O-O 10. a3 h6 11. b4 Bb6 12. Na4 Bc7 13. Bb2 Bg4 14. Re1 Ne4 15. c4
Bb6 16. Nxb6 Qxb6 17. c5 Nxc5 18. Bxg7 Kxg7 19. bxc5 Qxc5 20. Rc1 Bxf3 21. Qxf3
Qd6 22. Red1 Rad8 23. Qb3 Qf6 24. Qxb7 Nd4 25. Kh1 Ne2 26. Rc6 Rb8 27. Qxb8 Rxb8
28. Rxf6 Kxf6 29. Bxd5 Rb2 30. Rd3 Kg7 31. Kg2 Rb6 32. Rf3 Rf6 33. Rxf6 Kxf6 34.
f4 Nc3 35. Bc4 Nb1 36. a4 a5 37. Bb3 Nd2 38. Bd5 Nb1 39. Kf3 h5 40. Ke3 Nc3 41.
Bb3 Kf5 42. h3 f6 43. Kd3 h4 44. g4+ Kxf4 45. Kxc3 Kg3 46. Be6 1-0

[Event "FIDE World Rapid 2013"]
[Site "Khanty-Mansiysk RUS"]
[Date "2013.06.07"]
[Round "8.17"]
[White "Artemiev, Vladislav"]
[Black "Guseinov, Gadir"]
[Result "0-1"]
[WhiteTitle "IM"]
[BlackTitle "GM"]
[WhiteElo "2524"]
[BlackElo "2631"]
[WhiteFideId "24101605"]
[BlackFideId "13401378"]
[EventDate "2013.06.06"]

1. c4 g6 2. Nc3 Bg7 3. Nf3 d6 4. g3 e5 5. Bg2 f5 6. O-O Nf6 7. d3 O-O 8. Rb1 Nh5
9. Nd2 f4 10. b4 Nc6 11. Nd5 g5 12. e3 g4 13. exf4 exf4 14. Nxf4 Nxf4 15. gxf4
Rxf4 16. Ne4 Rf8 17. Bg5 Qe8 18. Ng3 Qg6 19. Bd5+ Kh8 20. Be3 Ne5 21. Be4 Qf6
22. Kh1 Nf3 23. Bxf3 gxf3 24. Ne4 Qh4 25. Rg1 Bh3 26. Rg3 Bg2+ 27. Kg1 Rf5 28.
Bg5 Qh5 29. Rxg2 h6 30. Rg3 hxg5 31. Qf1 g4 32. h3 Rf4 33. Qc1 Raf8 34. Qe3 Be5
35. hxg4 Rxg4 36. Rxg4 Qxg4+ 37. Kf1 Bf4 38. Qd4+ Kh7 39. Ng3 Re8 40. Kg1 Qh3 0-1

[Event "FIDE World Rapid 2013"]
[Site "Khanty-Mansiysk RUS"]
[Date "2013.06.07"]
[Round "8.18"]
[White "Smirin, Ilia"]
[Black "Kabanov, Nikolai"]
[Result "0-1"]
[WhiteTitle "GM"]
[BlackTitle "GM"]
[WhiteElo "2663"]
[BlackElo "2472"]
[WhiteFideId "2801990"]
[BlackFideId "4127820"]
[EventDate "2013.06.06"]

1. e4 c5 2. Nf3 Nc6 3. Bb5 d6 4. O-O Bd7 5. Re1 a6 6. Bxc6 Bxc6 7. d4 cxd4 8.
Nxd4 Nf6 9. Bg5 e6 10. Nxc6 bxc6 11. Nd2 Be7 12. e5 dxe5 13. Nc4 e4 14. Bxf6
Bxf6 15. Qe2 O-O 16. Rad1 Qc7 17. Qxe4 Rfd8 18. c3 Rab8 19. Rxd8+ Rxd8 20. g3 g6
21. Kg2 Kg7 22. Re2 h5 23. h4 Rd5 24. Ne3 Rd8 25. Nc4 Rd5 26. Re3 Qd8 27. Rf3
Qc7 28. Qe3 Be7 29. a4 e5 30. Qe2 f5 31. Rd3 Bf6 32. Ne3 Rxd3 33. Qxd3 e4 34.
Qxa6 f4 35. Nc2 Qd7 36. Qc4 Qd3 37. Qxc6 f3+ 38. Kh2 Qxc2 39. Qc7+ Kg8 0-1

[Event "FIDE World Rapid 2013"]
[Site "Khanty-Mansiysk RUS"]
[Date "2013.06.07"]
[Round "8.19"]
[White "Gundavaa, Bayarsaikhan"]
[Black "Popov, Ivan RUS"]
[Result "1/2-1/2"]
[WhiteTitle "GM"]
[BlackTitle "GM"]
[WhiteElo "2516"]
[BlackElo "2632"]
[WhiteFideId "4901045"]
[BlackFideId "4170350"]
[EventDate "2013.06.06"]

1. d4 Nf6 2. c4 g6 3. Nc3 d5 4. Bf4 Bg7 5. e3 c6 6. Nf3 O-O 7. h3 Be6 8. Qb3 Qb6
9. c5 Qxb3 10. axb3 a6 11. b4 Nbd7 12. g4 h5 13. Ng5 hxg4 14. Nxe6 fxe6 15. hxg4
e5 16. dxe5 Nxg4 17. Bh3 Ndxe5 18. Bxe5 Nxe5 19. Be6+ Nf7 20. Ke2 Bf6 21. Rh3
Kg7 22. f4 Rh8 23. Rah1 Rxh3 24. Rxh3 a5 25. bxa5 Rxa5 26. b4 Ra3 27. Nd1 Rb3
28. e4 Rxb4 29. e5 Nxe5 30. fxe5 Bxe5 31. Rf3 Bf4 32. Ra3 Re4+ 33. Kf3 Rxe6 34.
Kxf4 Re4+ 35. Kg5 Re5+ 36. Kg4 Kf6 37. Nf2 Rg5+ 38. Kf3 e5 39. Rb3 e4+ 40. Ke2
Ke5 41. Rxb7 Kd4 42. Rb4+ Ke5 43. Rb6 d4 44. Rxc6 Rg2 45. Kf1 Rg3 46. Rc8 e3 47.
Re8+ Kd5 48. Rd8+ Kc6 49. Nd3 Rg4 50. Ne5+ Kc7 51. Rd7+ Kc8 52. c6 Rf4+ 53. Ke1
d3 54. Nxd3 Rc4 55. Ne5 Rxc6 56. Rg7 Re6 57. Nxg6 Kd8 58. Ke2 Re4 59. Rf7 Ke8
60. Rh7 Re6 61. Nf4 Re4 62. Nd5 Re5 63. Nf6+ Kd8 64. Ng4 Re7 65. Rh6 Kd7 66.
Nxe3 Re6 67. Rh5 Ra6 68. Nc4 Ra1 69. Rh6 Ke7 70. Kd3 Re1 71. Kd4 Rd1+ 72. Ke4
Re1+ 73. Ne3 Kd7 74. Kd4 Ra1 75. Kd5 Ra5+ 76. Ke4 Ra1 77. Nf5 Ra5 78. Rh7+ Ke6
79. Nd4+ Kf6 80. Rh6+ Kg7 81. Rb6 Kf7 82. Nc6 Ra1 83. Ne5+ Ke7 1/2-1/2

[Event "FIDE World Rapid 2013"]
[Site "Khanty-Mansiysk RUS"]
[Date "2013.06.07"]
[Round "8.21"]
[White "Ponkratov, Pavel"]
[Black "Rakhmanov, Aleksandr"]
[Result "0-1"]
[WhiteTitle "GM"]
[BlackTitle "GM"]
[WhiteElo "2605"]
[BlackElo "2602"]
[WhiteFideId "4157800"]
[BlackFideId "4173708"]
[EventDate "2013.06.06"]

1. e4 e6 2. d4 d5 3. Nc3 Nf6 4. Bg5 Be7 5. e5 Nfd7 6. Bxe7 Qxe7 7. f4 a6 8. Nf3
c5 9. dxc5 Nc6 10. Bd3 Nxc5 11. O-O f6 12. Ne2 O-O 13. c3 Bd7 14. Bc2 Be8 15.
exf6 Qxf6 16. f5 Bf7 17. fxe6 Bxe6 18. Ng3 Qh6 19. Re1 Bf7 20. Nd4 Rae8 21. Rxe8
Rxe8 22. Ndf5 Qf4 23. b4 Nd7 24. Nh5 Bxh5 25. Qxd5+ Bf7 26. Qxd7 Ne5 27. Qxb7
Ng4 28. Qa7 Qxh2+ 29. Kf1 Bc4+ 0-1

[Event "FIDE World Rapid 2013"]
[Site "Khanty-Mansiysk RUS"]
[Date "2013.06.07"]
[Round "8.22"]
[White "Bezgodov, Alexei"]
[Black "Lagno, Kateryna"]
[Result "1/2-1/2"]
[WhiteTitle "GM"]
[BlackTitle "GM"]
[WhiteElo "2482"]
[BlackElo "2542"]
[WhiteFideId "4105257"]
[BlackFideId "14109336"]
[EventDate "2013.06.06"]

1. e4 c5 2. a3 g6 3. Bc4 Bg7 4. Nc3 e6 5. d3 Ne7 6. h4 d5 7. Ba2 b5 8. h5 b4 9.
axb4 cxb4 10. Na4 dxe4 11. dxe4 Qxd1+ 12. Kxd1 O-O 13. Be3 Nbc6 14. Nf3 Ba6 15.
Kc1 Rfd8 16. Nc5 1/2-1/2

[Event "FIDE World Rapid 2013"]
[Site "Khanty-Mansiysk RUS"]
[Date "2013.06.07"]
[Round "8.23"]
[White "Al-Sayed, Mohammed"]
[Black "Georgiev, Kiril"]
[Result "1-0"]
[WhiteTitle "GM"]
[BlackTitle "GM"]
[WhiteElo "2498"]
[BlackElo "2636"]
[WhiteFideId "12100196"]
[BlackFideId "2900017"]
[EventDate "2013.06.06"]

1. d4 Nf6 2. Nf3 e6 3. Bg5 h6 4. Bxf6 Qxf6 5. e4 d6 6. Bd3 Nc6 7. c3 Bd7 8. Nbd2
g5 9. h3 Bg7 10. Qe2 O-O-O 11. b4 h5 12. b5 Na5 13. Nb3 b6 14. Nxa5 bxa5 15. e5
Qe7 16. exd6 cxd6 17. Rb1 Kc7 18. Qb2 Kb6 19. Nd2 d5 20. c4 Qb4 21. Qc2 Qa3 22.
c5+ Kc7 23. b6+ Kb7 24. c6+ Bxc6 25. Ba6+ Kxa6 26. Qxc6 Bxd4 27. bxa7+ 1-0

[Event "FIDE World Rapid 2013"]
[Site "Khanty-Mansiysk RUS"]
[Date "2013.06.07"]
[Round "8.24"]
[White "Nguyen, Ngoc Truong Son"]
[Black "Gordievsky, Dmitry"]
[Result "1-0"]
[WhiteTitle "GM"]
[BlackTitle "FM"]
[WhiteElo "2625"]
[BlackElo "2474"]
[WhiteFideId "12401110"]
[BlackFideId "24112798"]
[EventDate "2013.06.06"]

1. d4 e6 2. c4 b6 3. Nc3 Bb7 4. a3 f5 5. Nf3 Nf6 6. d5 Bd6 7. Nd4 Qe7 8. g3 O-O
9. Bg2 a5 10. O-O Na6 11. Ncb5 Nc5 12. Nxd6 cxd6 13. b3 Nfe4 14. Bb2 e5 15. Nxf5
Rxf5 16. b4 Raf8 17. bxc5 Nxc5 18. Bc1 Ba6 19. Rb1 Qd8 20. Qc2 a4 21. Rb4 Qc7
22. Be3 R5f7 23. Rfb1 Rb8 24. Qb2 Rc8 25. Qc2 Rb8 26. Bf3 Rff8 27. Bxc5 dxc5 28.
R4b2 Bc8 29. Qxa4 Rf6 30. Qc2 d6 31. a4 Bf5 32. Be4 Bxe4 33. Qxe4 Qa7 34. f3
Qxa4 35. Rxb6 Rbf8 36. Rb7 Qa3 37. Rd7 g6 38. Rbb7 Qc1+ 39. Kg2 Qh6 40. Qh4 Qxh4
41. Rg7+ Kh8 42. gxh4 Ra8 43. Rxh7+ Kg8 44. Rbg7+ Kf8 45. Rd7 Kg8 46. Rhe7 Kf8
47. Kg3 Ra4 48. Rh7 Kg8 49. Rdg7+ Kf8 50. Rb7 Kg8 51. Rhg7+ Kf8 52. Rgd7 Kg8 53.
Rb8+ Rf8 54. Rxf8+ Kxf8 55. Rxd6 Rxc4 56. Rxg6 e4 57. Rg4 Rd4 58. fxe4 c4 59.
Kf3 c3 60. Rg1 c2 61. Rc1 Rc4 62. Ke3 Ke7 63. Kd3 1-0

[Event "FIDE World Rapid 2013"]
[Site "Khanty-Mansiysk RUS"]
[Date "2013.06.07"]
[Round "8.25"]
[White "Ghaem Maghami, Ehsan"]
[Black "Cherniaev, Alexander"]
[Result "1-0"]
[WhiteTitle "GM"]
[BlackTitle "GM"]
[WhiteElo "2554"]
[BlackElo "2447"]
[WhiteFideId "12500739"]
[BlackFideId "4117301"]
[EventDate "2013.06.06"]

1. e4 g6 2. d4 Bg7 3. Nf3 c6 4. Nc3 d5 5. h3 Nh6 6. Bd3 O-O 7. O-O f6 8. Re1 Nf7
9. Bf1 Na6 10. a4 Nc7 11. exd5 cxd5 12. Bf4 Ne6 13. Bg3 Bh6 14. Qb1 Nf4 15. Qa2
e6 16. Nd1 Nd6 17. Ne3 Nh5 18. Bh2 Kh8 19. c4 Bxe3 20. fxe3 Nxc4 21. Bxc4 dxc4
22. Qxc4 Bd7 23. Rac1 Re8 24. b3 Bc6 25. e4 Qd7 26. Qc3 Kg8 27. Qe3 Rad8 28. Rc5
Qf7 29. Rec1 a6 30. Re1 Rd7 31. Rf1 Qe7 32. g4 Ng7 33. g5 f5 34. Ne5 Bxe4 35.
Nxd7 Qxd7 36. Be5 Bc6 37. b4 Nh5 38. Rfc1 Bxa4 39. Rc7 Qd5 40. R7c5 Qa2 41. d5
exd5 42. Rc8 d4 43. Bxd4 Qf7 44. Qe5 1-0

[Event "FIDE World Rapid 2013"]
[Site "Khanty-Mansiysk RUS"]
[Date "2013.06.07"]
[Round "8.26"]
[White "Potapov, Pavel"]
[Black "Vasquez Schroeder, Rodrigo"]
[Result "0-1"]
[WhiteTitle "IM"]
[BlackTitle "GM"]
[WhiteElo "2460"]
[BlackElo "2542"]
[WhiteFideId "4169786"]
[BlackFideId "3400042"]
[EventDate "2013.06.06"]

1. e4 c5 2. c3 d5 3. exd5 Qxd5 4. d4 g6 5. Nf3 Bg7 6. Na3 cxd4 7. Nb5 Na6 8.
Nfxd4 Nf6 9. Be3 Ng4 10. Bd2 O-O 11. Qf3 Qe5+ 12. Be2 Nxh2 13. Qd3 Ng4 14. f4
Qf6 15. Qg3 h5 16. O-O-O e5 17. Nf3 exf4 18. Bxf4 Qe6 19. Nfd4 Qxa2 20. Bd3 Qa1+
21. Bb1 Bd7 22. Nc2 Qa4 23. Rxd7 Qxb5 24. Rdd1 Nc5 25. Ba2 Ne4 26. Qf3 Nef2 27.
Rd5 Qa4 28. Rf1 Qxa2 29. Rd2 Qc4 30. Rfxf2 Nxf2 31. Qxf2 Rad8 32. Kb1 Rxd2 33.
Qxd2 Qe4 34. Ka2 Bf6 35. Nb4 Rd8 36. Qf2 Qe6+ 37. Kb1 a5 38. Na2 Qf5+ 39. Kc1
Bg5 40. g3 Bxf4+ 41. gxf4 Qd5 42. Kb1 Qd3+ 0-1

[Event "FIDE World Rapid 2013"]
[Site "Khanty-Mansiysk RUS"]
[Date "2013.06.07"]
[Round "8.27"]
[White "Nadanian, Ashot"]
[Black "Skatchkov, Pavel"]
[Result "0-1"]
[WhiteTitle "IM"]
[BlackTitle "GM"]
[WhiteElo "2428"]
[BlackElo "2486"]
[WhiteFideId "13300393"]
[BlackFideId "4121848"]
[EventDate "2013.06.06"]

1. e4 e5 2. Nf3 d5 3. Nxe5 Bd6 4. d4 dxe4 5. Nc4 Nf6 6. Nc3 O-O 7. Be2 Nc6 8.
Be3 Bf5 9. g4 Be6 10. Nxd6 Qxd6 11. a3 Rad8 12. g5 Nd5 13. Nxe4 Qe7 14. Bd3 Rfe8
15. Qf3 Nxe3 16. Nf6+ Kh8 17. fxe3 Nxd4 18. Qh5 Bf5 19. Bxf5 Qxe3+ 20. Kf1 Qf4+
21. Kg2 Re2+ 22. Qxe2 Nxe2 23. Rhf1 Qxg5+ 24. Ng4 Nf4+ 25. Kg3 Nh5+ 26. Kh3 g6
27. Bd3 Rd4 0-1

[Event "FIDE World Rapid 2013"]
[Site "Khanty-Mansiysk RUS"]
[Date "2013.06.07"]
[Round "8.28"]
[White "Akbaev, Kazbek"]
[Black "Ram, S. Krishnan"]
[Result "0-1"]
[WhiteTitle "IM"]
[WhiteElo "2475"]
[BlackElo "2248"]
[WhiteFideId "4131045"]
[BlackFideId "5010519"]
[EventDate "2013.06.06"]

1. f4 d5 2. Nf3 Nf6 3. d4 c5 4. e3 Bg4 5. c3 Qc7 6. Bd3 e6 7. O-O Nc6 8. Qe1
Bxf3 9. Rxf3 Bd6 10. Rh3 cxd4 11. cxd4 Nb4 12. Bb5+ Ke7 13. Na3 a6 14. Be2 Ne4
15. Bd2 Qb6 16. Bxb4 Bxb4 17. Qh4+ f6 18. Bd3 Rac8 19. Bxe4 dxe4 20. Qf2 Bxa3
21. bxa3 Rc3 22. Rg3 Kf7 23. f5 Rhc8 24. h4 Qd6 25. fxe6+ Kxe6 26. Rf1 Kf7 27.
Kh2 g6 28. h5 Rc2 29. Qe1 Rxa2 30. Qb1 Rcc2 31. Qxb7+ Kg8 32. Rg1 f5 33. Kh3
Rab2 34. Qa8+ Rb8 35. Qa7 Rf8 36. h6 Rc7 37. Qxc7 Qxc7 38. Rd1 f4 39. exf4 Qxf4
40. Re1 Qxh6+ 41. Kg4 Rf4# 0-1

[Event "FIDE World Rapid 2013"]
[Site "Khanty-Mansiysk RUS"]
[Date "2013.06.07"]
[Round "8.29"]
[White "Pasiev, Rakhim"]
[Black "Byambaa, Zulzaga"]
[Result "1-0"]
[WhiteTitle "IM"]
[BlackTitle "FM"]
[WhiteElo "2384"]
[BlackElo "2285"]
[WhiteFideId "24122475"]
[BlackFideId "4900642"]
[EventDate "2013.06.06"]

1. e4 c6 2. d4 g6 3. Nc3 Bg7 4. Nf3 d6 5. Be3 Nf6 6. Qd2 h6 7. h3 d5 8. e5 Ne4
9. Nxe4 dxe4 10. Ng1 Be6 11. Ne2 f5 12. Nf4 Kf7 13. Nxe6 Kxe6 14. Bc4+ Kd7 15.
O-O-O Ke8 16. g4 Qc8 17. Rhg1 g5 18. gxf5 Qxf5 19. Qb4 b5 20. Be2 a5 21. Bh5+
Kf8 22. Qd2 Na6 23. f3 Qe6 24. fxe4 Qxa2 25. Rdf1+ Kg8 26. Bf7+ Qxf7 27. Rxf7
Kxf7 28. d5 Bxe5 29. dxc6 Rhd8 30. Qf2+ Ke8 31. Qf5 Bf6 32. e5 Rd5 33. Qg6+ Kd8
34. Qg8+ Kc7 35. Qxa8 1-0

[Event "FIDE World Rapid 2013"]
[Site "Khanty-Mansiysk RUS"]
[Date "2013.06.07"]
[Round "9.3"]
[White "Cheparinov, Ivan"]
[Black "Khairullin, Ildar"]
[Result "1/2-1/2"]
[WhiteTitle "GM"]
[BlackTitle "GM"]
[WhiteElo "2678"]
[BlackElo "2658"]
[WhiteFideId "2905540"]
[BlackFideId "4151348"]
[EventDate "2013.06.06"]

1. d4 d5 2. c4 c6 3. Nf3 Nf6 4. e3 Bg4 5. Nc3 e6 6. h3 Bh5 7. g4 Bg6 8. Ne5 Nbd7
9. Nxg6 hxg6 10. a3 Be7 11. Qf3 Nb6 12. c5 Nbd7 13. h4 e5 14. g5 Nh7 15. Bd2
Nhf8 16. Bh3 Ne6 17. Bxe6 fxe6 18. Qg4 Bxg5 19. O-O-O Bf6 20. Qxg6+ Ke7 21. Qg4
Qe8 22. h5 Kd8 23. Ne2 b6 24. cxb6 axb6 25. Bc3 Kc8 26. Kb1 1/2-1/2

[Event "FIDE World Rapid 2013"]
[Site "Khanty-Mansiysk RUS"]
[Date "2013.06.07"]
[Round "9.6"]
[White "Jakovenko, Dmitry"]
[Black "Ponomariov, Ruslan"]
[Result "1/2-1/2"]
[WhiteTitle "GM"]
[BlackTitle "GM"]
[WhiteElo "2713"]
[BlackElo "2743"]
[WhiteFideId "4122356"]
[BlackFideId "14103320"]
[EventDate "2013.06.06"]

1. Nf3 d5 2. d4 Nf6 3. c4 e6 4. Nc3 Nbd7 5. Bg5 c6 6. cxd5 exd5 7. e3 Be7 8. Qc2
Nh5 9. Bxe7 Qxe7 10. O-O-O Nb6 11. h3 Be6 12. Bd3 O-O-O 13. Nd2 Kb8 14. Nb3 g6
15. g4 Ng7 16. f3 h5 17. Kb1 Bc8 18. Qf2 Ne6 19. Ne2 Qd6 20. Ng3 hxg4 21. hxg4
Qb4 22. Qd2 Qd6 23. Qg2 Qb4 24. Qd2 Qd6 25. Qg2 Qb4 1/2-1/2

[Event "FIDE World Rapid 2013"]
[Site "Khanty-Mansiysk RUS"]
[Date "2013.06.07"]
[Round "9.7"]
[White "Movsesian, Sergei"]
[Black "Vallejo Pons, Francisco"]
[Result "1/2-1/2"]
[WhiteTitle "GM"]
[BlackTitle "GM"]
[WhiteElo "2699"]
[BlackElo "2706"]
[WhiteFideId "310204"]
[BlackFideId "2205530"]
[EventDate "2013.06.06"]

1. c4 e6 2. Nf3 d5 3. g3 a6 4. b3 c5 5. Bg2 Nc6 6. O-O d4 7. e3 Nf6 8. exd4 cxd4
9. d3 Be7 10. Re1 O-O 11. Bb2 Rb8 12. Na3 Bb4 13. Re2 b5 14. Rc1 Bc3 15. cxb5
axb5 16. Bxc3 dxc3 17. Rxc3 Nb4 18. d4 Bb7 19. Rc1 Qa5 20. Nc2 Nbd5 21. Qd3 Qxa2
22. Ne3 Qa3 23. Rc5 b4 24. Nc4 Ba6 25. Nfe5 Nc3 26. Re1 Qxb3 27. Nc6 Rb6 28. Ra1
Bxc4 29. Rxc4 Qb2 30. Re1 Nfd5 31. Bxd5 Nxd5 32. Rb1 Qa3 33. Qc2 b3 34. Qd3 Rxc6
35. Rxc6 Nb4 36. Rxb3 Qa1+ 37. Rb1 Qxb1+ 38. Qxb1 Nxc6 39. d5 exd5 40. Qb5 Ne5
41. Qxd5 Ng4 42. h3 Nf6 43. Qc6 h5 44. Kg2 Re8 45. Kf3 Re6 46. Qc8+ Re8 47. Qf5
Re6 48. Kg2 g6 49. Qb5 Kg7 50. f3 Nh7 51. g4 hxg4 52. hxg4 g5 1/2-1/2

[Event "FIDE World Rapid 2013"]
[Site "Khanty-Mansiysk RUS"]
[Date "2013.06.07"]
[Round "9.8"]
[White "Inarkiev, Ernesto"]
[Black "Le, Quang Liem"]
[Result "0-1"]
[WhiteTitle "GM"]
[BlackTitle "GM"]
[WhiteElo "2680"]
[BlackElo "2712"]
[WhiteFideId "4162722"]
[BlackFideId "12401137"]
[EventDate "2013.06.06"]

1. e4 c5 2. Nf3 d6 3. d4 cxd4 4. Nxd4 Nf6 5. Nc3 a6 6. Be3 e6 7. Be2 Qc7 8. Qd2
b5 9. f3 b4 10. Na4 Nbd7 11. c4 bxc3 12. Nxc3 Bb7 13. O-O Be7 14. Rfc1 Qb8 15.
Na4 d5 16. Nc6 Bxc6 17. Rxc6 dxe4 18. Nb6 Nxb6 19. Rxb6 Qe5 20. f4 Qf5 21. Rxa6
O-O 22. Rxa8 Rxa8 23. Rd1 Nd5 24. Kh1 Rxa2 25. g4 Qf6 26. Bd4 Qxf4 27. Qxf4 Nxf4
28. Bc4 Ra8 29. Rf1 Nd3 30. Kg2 Rd8 31. Bc3 Bc5 32. Ra1 Nxb2 33. Ra5 Bb6 34.
Bxb2 Bxa5 35. Be5 Rd2+ 36. Kg3 g5 37. h4 h6 38. hxg5 hxg5 39. Ba6 f6 40. Bb8 Rb2 0-1

[Event "FIDE World Rapid 2013"]
[Site "Khanty-Mansiysk RUS"]
[Date "2013.06.07"]
[Round "9.9"]
[White "Guseinov, Gadir"]
[Black "Moiseenko, Alexander"]
[Result "1-0"]
[WhiteTitle "GM"]
[BlackTitle "GM"]
[WhiteElo "2631"]
[BlackElo "2711"]
[WhiteFideId "13401378"]
[BlackFideId "14102560"]
[EventDate "2013.06.06"]

1. e4 c5 2. Nf3 Nc6 3. Nc3 e5 4. Bc4 Be7 5. d3 Nf6 6. Ng5 O-O 7. O-O h6 8. f4 d6
9. Nf3 exf4 10. Bxf4 Be6 11. Nd5 Bxd5 12. Bxd5 Nxd5 13. exd5 Ne5 14. Bxe5 dxe5
15. c4 Bd6 16. g4 f5 17. gxf5 Rxf5 18. Qe2 Qd7 19. Nd2 Raf8 20. Rxf5 Qxf5 21.
Ne4 Be7 22. Rf1 Qg6+ 23. Qg2 Rxf1+ 24. Kxf1 Qh5 25. Ke1 b6 26. Kd2 Kf7 27. a3 g6
28. Kc2 Ke8 29. b4 Qf5 30. d6 Bf8 31. bxc5 bxc5 32. Nxc5 Bxd6 33. Qa8+ Kf7 34.
Qxa7+ Be7 35. Ne4 Qf4 36. Qd7 Qxh2+ 37. Kb3 Qe2 38. Nc3 Qf3 39. c5 Qf5 40. Qb7
Qxd3 41. c6 Qf3 42. Qd7 Qf5 43. Qxf5+ gxf5 44. c7 1-0

[Event "FIDE World Rapid 2013"]
[Site "Khanty-Mansiysk RUS"]
[Date "2013.06.07"]
[Round "9.12"]
[White "Potkin, Vladimir"]
[Black "Riazantsev, Alexander"]
[Result "1-0"]
[WhiteTitle "GM"]
[BlackTitle "GM"]
[WhiteElo "2647"]
[BlackElo "2708"]
[WhiteFideId "4131061"]
[BlackFideId "4125029"]
[EventDate "2013.06.06"]

1. c4 Nf6 2. Nc3 e6 3. Nf3 b6 4. e4 Bb7 5. e5 Ne4 6. Bd3 Nxc3 7. dxc3 Be7 8. Qe2
d6 9. Bf4 Nd7 10. O-O-O Bxf3 11. Qxf3 Bg5 12. exd6 cxd6 13. Bxg5 Qxg5+ 14. Kb1
Ke7 15. h4 Qc5 16. Be2 Rhd8 17. Rd4 Rac8 18. Rhd1 Nf6 19. g4 h6 20. a3 Rc7 21.
Qe3 Ne8 22. f4 Rcd7 23. g5 g6 24. b4 Qc6 25. h5 gxh5 26. f5 Rc8 27. fxe6 fxe6
28. Rf1 Qg2 29. gxh6 Nf6 30. Rg1 Qh2 31. Rg7+ Kd8 32. Qxe6 Kc7 33. Qxf6 Re8 34.
Rxd7+ Kxd7 35. Bd1 Re3 36. h7 1-0

[Event "FIDE World Rapid 2013"]
[Site "Khanty-Mansiysk RUS"]
[Date "2013.06.07"]
[Round "9.13"]
[White "Vitiugov, Nikita"]
[Black "Gundavaa, Bayarsaikhan"]
[Result "1-0"]
[WhiteTitle "GM"]
[BlackTitle "GM"]
[WhiteElo "2734"]
[BlackElo "2516"]
[WhiteFideId "4152956"]
[BlackFideId "4901045"]
[EventDate "2013.06.06"]

1. d4 Nf6 2. c4 g6 3. Nc3 Bg7 4. e4 d6 5. f3 O-O 6. Nge2 c5 7. d5 e6 8. Ng3 a6
9. a4 exd5 10. cxd5 Nbd7 11. Be2 h5 12. O-O Re8 13. Nh1 Nh7 14. Nf2 Bd4 15. Kh1
Qh4 16. Nd3 Ne5 17. Qe1 Qf6 18. Nxe5 Bxe5 19. Bd3 Bd7 20. a5 Nf8 21. Be3 Bf4 22.
Bxf4 Qxf4 23. Ne2 Qe3 24. Ra3 Qg5 25. Rb3 Bc8 26. Rb6 Nd7 27. Rb3 Ne5 28. Bc2
Qd8 29. Qc3 Rb8 30. f4 Nd7 31. e5 c4 32. Qxc4 Qxa5 33. e6 Nc5 34. Rg3 Nxe6 35.
f5 Qc5 36. fxg6 1-0

[Event "FIDE World Rapid 2013"]
[Site "Khanty-Mansiysk RUS"]
[Date "2013.06.07"]
[Round "9.14"]
[White "Khismatullin, Denis"]
[Black "Salem, A.R. Saleh"]
[Result "1-0"]
[WhiteTitle "GM"]
[BlackTitle "GM"]
[WhiteElo "2658"]
[BlackElo "2531"]
[WhiteFideId "4142578"]
[BlackFideId "9301348"]
[EventDate "2013.06.06"]

1. Nf3 c5 2. c4 Nf6 3. Nc3 d5 4. cxd5 Nxd5 5. e3 Nxc3 6. bxc3 g6 7. d4 Bg7 8.
Bc4 O-O 9. O-O Nc6 10. Ba3 Na5 11. Bd3 b6 12. dxc5 Bb7 13. Qe2 Qc7 14. cxb6 axb6
15. Rab1 Rfc8 16. Rfc1 Nc4 17. Bb4 e5 18. e4 b5 19. h3 Ra6 20. Rc2 Rca8 21. Rd1
h6 22. Nh2 h5 23. Nf3 Bf6 24. h4 Bc8 25. Ng5 Bxg5 26. hxg5 Qa7 27. Bxc4 Bg4 28.
Bb3 Bxe2 29. Rxe2 Rc6 30. Bd5 Qc7 31. Red2 Re8 32. Bb3 Rc4 33. Rd7 Qc6 34. R1d5
h4 35. Be7 Rxe7 36. Rxe7 b4 37. cxb4 Kf8 38. Rdd7 Qxe4 39. Rxf7+ Ke8 40. Rfe7+
Kf8 41. Bxc4 Qxc4 42. Rf7+ Kg8 43. Rg7+ Kh8 44. Rh7+ Kg8 45. Rdg7+ Kf8 46. Rc7 1-0